Statistiques concernant Culture Générale - Série 562

Cliquez ici pour prendre le quiz!

Statistiques générales

  • Ce quiz a été pris 165 fois
  • Le résultat moyen est 6 sur 10

Statistiques - réponses

QuestionRéponse% Correct
Avec le lait de quel animal le crottin de Chavignol est-il fabriqué ?chèvre
97%
A quelle dynastie les rois Clovis et Dagobert 1er appartenaient-ils ?Mérovingiens
86%
Autour de quel astre la planète Jupiter est-elle en orbite ?soleil
86%
Au curling, quel accessoire utilise-t-on pour que la pierre glisse mieux sur la glace ?balai
84%
Auquel de nos vêtements correspondent les braies que portaient les Gaulois ?pantalon
83%
Au pied de quel édifice parisien se situe le kilomètre zéro des routes de France ?Notre-Dame de Paris
68%
Avec la fève, quelle autre légumineuse entre dans la composition du falafel (tamiya) ?pois chiche
60%
Avec quel chanteur Dani interprète-t-elle "Comme un boomerang" en 2001 ?Etienne Daho
58%
Quel comédien américain se cache derrière l'anagramme du mot "costumier" ?Tom Cruise
17%
Dans la série télévisée "Braquo", réalisée par Olivier Marchal, quel est le prénom du Commandant Caplan ?Eddy
6%

Distribution des résultats

Percentile par nombre de réponses

% des personnes avec chaque résultat

Votre développement - résultats

Vous n’avez pas pris ce quiz